000 00380nam a22001697a 4500
003 BD-DhUIB
005 20251025160746.0
008 251025b |||||||| |||| 00| 0 eng d
040 _aBD-DhUIB
_cBD-DhUIB
050 _a650
082 _222
100 _aFerrell C. O.
_91043
245 _aBusiness :
_ba changing world/
250 _a5th ed.
526 _aBBA.
942 _2ddc
_cBK
999 _c602
_d602